000 00564nam a2200229Ia 4500
003 OSt
005 20220924152729.0
006 a|||||r|||| 00| 0
007 ta
008 220923b |||||||| |||| 00| 0 guj d
024 _a344233
037 _cTextual
040 _aARTS
_cARTS
_bguj
041 _2guj
_aguj
082 _aO156:g, J0
100 _aDesai Hari Au.
_9227358
245 0 _aSahityane Charne
260 _c1950
650 _aGUJRATI LITERATURE
942 _hO156:g, J0
_cTEXL
_2CC
999 _c470846
_d470846